Design of RF and microwave amplifers and oscillators / (Include Floppy Disk) (Record no. 175647)
[ view plain ]
| 000 -LEADER | |
|---|---|
| fixed length control field | 01519 a2200253 4500 |
| 003 - CONTROL NUMBER IDENTIFIER | |
| control field | Nust |
| 005 - DATE AND TIME OF LATEST TRANSACTION | |
| control field | 20220812105200.0 |
| 010 ## - LIBRARY OF CONGRESS CONTROL NUMBER | |
| LC control number | 99018043 |
| 020 ## - INTERNATIONAL STANDARD BOOK NUMBER | |
| International Standard Book Number | 089006797X (alk. paper) |
| 035 ## - SYSTEM CONTROL NUMBER | |
| System control number | (DLC) 99018043 |
| 040 ## - CATALOGING SOURCE | |
| Transcribing agency | Nust |
| 082 00 - DEWEY DECIMAL CLASSIFICATION NUMBER | |
| Classification number | 621.381325,ABR |
| 100 1# - MAIN ENTRY--PERSONAL NAME | |
| Personal name | Abrie, Pieter L. D. |
| 9 (RLIN) | 56737 |
| 245 10 - TITLE STATEMENT | |
| Title | Design of RF and microwave amplifers and oscillators / (Include Floppy Disk) |
| Statement of responsibility, etc. | Pieter L.D. Abrie. |
| 260 ## - PUBLICATION, DISTRIBUTION, ETC. | |
| Place of publication, distribution, etc. | Boston : |
| Name of publisher, distributor, etc. | Artech House, |
| Date of publication, distribution, etc. | c1999. |
| 300 ## - PHYSICAL DESCRIPTION | |
| Extent | xvii, 480 p. : |
| Other physical details | ill. ; |
| Dimensions | 24 cm. + |
| Accompanying material | 1 computer disk (3 1/2in.) |
| 440 #0 - SERIES STATEMENT/ADDED ENTRY--TITLE | |
| Title | Artech House microwave library |
| 9 (RLIN) | 28737 |
| 505 ## - FORMATTED CONTENTS NOTE | |
| Formatted contents note | Characterization and Analysis of Linear Circuits at RF and Microwave Frequencies (Page-1), Characterization and Analysis of Active Circuits at RF and Microwave Frequencies (Page-47), Radio-Frequency Components (Page-91), Narrowband Impedance-Matching with LC Networks (Page-125), Coupled Coils and Transformers (Page-151), Transmission-Line Transformers (Page-179), Film Resistors and Single-Layer Parallel-Plate Capacitors (Page-217), The Design of Wideband Impedance-Matching Networks (Page-239), Microwave Lumped Elements, Distributed Equivalents, and Micro strip Parasitic (Page-321), The Design of Radio-Frequency and Microwave Amplifiers and Oscillators (Page-359), |
| 650 #0 - SUBJECT ADDED ENTRY--TOPICAL TERM | |
| Topical term or geographic name entry element | Oscillators, Microwave |
| General subdivision | Design and construction. |
| 9 (RLIN) | 96950 |
| 650 #0 - SUBJECT ADDED ENTRY--TOPICAL TERM | |
| Topical term or geographic name entry element | Printed circuits. |
| 9 (RLIN) | 96951 |
| 650 #0 - SUBJECT ADDED ENTRY--TOPICAL TERM | |
| Topical term or geographic name entry element | Telecommunication Engineering. |
| 651 ## - SUBJECT ADDED ENTRY--GEOGRAPHIC NAME | |
| Geographic name | (Include Floppy Disk) |
| 9 (RLIN) | 93875 |
| 942 ## - ADDED ENTRY ELEMENTS (KOHA) | |
| Koha item type | Reference |
| Source of classification or shelving scheme | |
| Withdrawn status | Lost status | Source of classification or shelving scheme | Damaged status | Not for loan | Permanent Location | Current Location | Shelving location | Date acquired | Full call number | Barcode | Date last seen | Price effective from | Koha item type | Public note |
|---|---|---|---|---|---|---|---|---|---|---|---|---|---|---|
| Military College of Signals (MCS) | Military College of Signals (MCS) | Reference | 12/12/2016 | 621.381325,ABR | MCS27897 | 12/08/2016 | 12/12/2016 | Reference | Almirah No.21, Shelf No.3 |
